000 00635nam a2200229 4500
003 OSt
005 20260601170956.0
008 260417b1970\\\\sp\\||||\||||\00|\0\spa\d
040 _aICI
_bspa
_cICI
050 _aN69
_bF58
100 1 _aFischer, Ernst,
_d1899-1972,
_930669
245 1 _aLa necesidad del arte /
_c traducción de Jordi Sole - Tura
250 _a 2
264 _bPeninsula,
_c1970
_aBarcelona :
300 _a270 páginas
336 _atexto
_2rdacontent
337 _asin medio
_2rdamedia
338 _avolumen
_2rdacarrier
490 0 _aNueva colec. iberica ;
_v13
650 4 _aArte
_xFilosofía
942 _2lcc
_cB
999 _c19858
_d19858